Umgebungen von Friedberg und Freywaldau

Corporate Author: Rakousko-Uhersko. Militärgeographisches Institut
Other Authors: Pianazzi, Ludwig, Kiss, Josef, činný 1846
Language: German
Published: [Wien : von dem K. K. Militaerischen Geographischen Institute in Wien herausgegeben], 1869
Online Access: Digitalizovaný dokumetnt (exemplář Moravské zemské knihovny, čárový kód 2610355823)
Digitalizovaný dokumetnt (exemplář Moravské zemské knihovny, čárový kód 2610350473)
Physical Description: 1 mapa : ocelorytina ; 25 x 38 cm, na listu 38 x 52 cm
Map
Saved in:
LEADER 03101nem a2200469 a 4500
001 001064954
003 CZ BrMZK
005 20160620123831.0
007 aj|aa|||
008 080722s1869 au d||||||a|||r|0|||gerod
034 1 |a a  |b 144000  |d E0164157  |e E0173034  |f N0502715  |g N0500045 
040 |a BOA001  |b cze 
043 |a e-xr---  |b e-xr-mr  |b e-xr-ol  |2 czenas 
072 7 |a 913(437)  |x Geografie Česka a Slovenska, reálie, cestování  |2 Konspekt  |9 7 
072 7 |a 912  |x Mapy. Atlasy. Glóby  |9 7  |2 Konspekt 
080 |a (437.325)  |2 MRF 
080 |a (084.3)  |2 MRF 
110 1 |a Rakousko-Uhersko.  |b Militärgeographisches Institut  |7 kn20060405003  |4 ctg 
245 1 0 |a Umgebungen von Friedberg und Freywaldau  |h [kartografický dokument] /  |c L. Pianazzi sculp. ; Jos. Kiss. scrip. 
255 |a Měřítko [ca 1:144 000]  |c (016°41´57" v.d.--017°30´34" v.d./050°27´15" s.š.--050°00´45" s.š.) 
260 |a [Wien :  |b von dem K. K. Militaerischen Geographischen Institute in Wien herausgegeben],  |c 1869 
300 |a 1 mapa :  |b ocelorytina ;  |c 25 x 38 cm, na listu 38 x 52 cm 
500 |a Výzdoba: Mapa vybíhá z rámce, v mapovém rámci geografické souřadnice, grafické měřítko, údaj o vydání a ceně, nad mapou název a číslo listu 
500 |a Mapa byla vydávána buď jako samostatný mapový list, nebo součást díla Special Karte der Markgrafschaft Maehren und des Herzogthums Schlesien 
510 4 |a Roubík, F.: Soupis map českých zemí,  |c II, 1491 
561 |a Exemplář byl původně uložen spolu s mapami Německého spolku pro historii Moravy a Slezska (Deutsches Verein für die Geschichte Mährens und Schlesiens)  |5 CZ-BrMZK 
561 |a Provenience: (razítko) Zemská Knihovna Moravská [Brno]  |5 CZ-BrMZK 
561 |a Provenience: (razítko) K. K. Militärisches Geographisches Institut  |5 CZ-BrMZK 
651 7 |a Javorník (Jeseník, Česko : oblast)  |7 ge130959  |2 czenas 
651 7 |a Jeseník (Česko : oblast)  |7 ge129454  |2 czenas 
651 7 |a Morava (Česko)  |7 ge130070  |2 czenas 
655 4 |a obecně zeměpisné mapy 
655 7 |a politické a správní mapy  |7 fd133032  |2 czenas 
700 1 |a Pianazzi, Ludwig  |4 egr 
700 1 |a Kiss, Josef,  |d činný 1846  |7 mzk2008464095  |4 egr 
787 0 8 |i Mapa distribuovaná též jako součást:  |t Special Karte der Markgrafschaft Maehren und des Herzogthums Schlesien / Astronomisch trigonometrisch vermessen, topographisch aufgenommen, reduzirt, gezeichnet und gestochen von dem K. K. Militaerischen Geographischen Institute in Wien herausgegeben im Jahre 1844. Berichtiget im Jahre 1866 ; Ausg. 1869.  |g Označení mapového listu Nro. I 
856 4 1 |u http://www.digitalniknihovna.cz/mzk/uuid/uuid:50b1d04e-f91e-46ff-8ca7-b1f52ca9360d  |y Digitalizovaný dokumetnt  |z exemplář Moravské zemské knihovny, čárový kód 2610355823 
856 4 1 |u http://www.digitalniknihovna.cz/mzk/uuid/uuid:5f088c33-d488-4145-a936-4d65ed65aeab  |y Digitalizovaný dokumetnt  |z exemplář Moravské zemské knihovny, čárový kód 2610350473 
910 |a BOA001  |b Mpa-1208.970,01  |b Mpa-1211.638 
920 |a 001065754 
990 |a MP 
991 |b 201204